000 00434nam a22001697a 4500
005 20180606144431.0
008 160526b xxu||||| |||| 00| 0 eng d
020 _a81-8034-711-9
041 _aeng
082 _b5266
_a657
100 _aGupta, R.L. & V.K.
_91316
245 _aPrinciples and Practice of Accountancy
260 _aNew Delhi
_bAcademic Faundation
_c2010
300 _a5.182
650 _aManagement
_9241
942 _cBK
999 _c1843
_d1842